<?xml version="1.0" encoding="UTF-8"?>
<record
    xmlns:xsi="http://www.w3.org/2001/XMLSchema-instance"
    xsi:schemaLocation="http://www.loc.gov/MARC21/slim http://www.loc.gov/standards/marcxml/schema/MARC21slim.xsd"
    xmlns="http://www.loc.gov/MARC21/slim">

  <leader>01024nam a22002657a 4500</leader>
  <controlfield tag="005">20170123162343.0</controlfield>
  <datafield tag="010" ind1=" " ind2=" ">
    <subfield code="a">A-645026</subfield>
  </datafield>
  <datafield tag="020" ind1=" " ind2=" ">
    <subfield code="c">80.00</subfield>
  </datafield>
  <datafield tag="035" ind1=" " ind2=" ">
    <subfield code="a">A-645026</subfield>
  </datafield>
  <datafield tag="037" ind1=" " ind2=" ">
    <subfield code="b">Cen Lib/Ret</subfield>
  </datafield>
  <datafield tag="040" ind1=" " ind2=" ">
    <subfield code="a">DPL</subfield>
    <subfield code="b">UR</subfield>
  </datafield>
  <datafield tag="082" ind1=" " ind2=" ">
    <subfield code="a">270</subfield>
    <subfield code="b">&#x645; &#x62D; &#x645; </subfield>
  </datafield>
  <datafield tag="100" ind1=" " ind2=" ">
    <subfield code="a">&#x645;&#x62D;&#x645;&#x651;&#x62F; &#x627;&#x642;&#x628;&#x627;&#x644; </subfield>
    <subfield code="9">129450</subfield>
  </datafield>
  <datafield tag="245" ind1=" " ind2=" ">
    <subfield code="a">&#x62A;&#x641;&#x6A9;&#x6CC;&#x631; &#x62F;&#x6CC;&#x646;&#x6CC; &#x67E;&#x631; &#x62A;&#x62C;&#x62F;&#x6CC;&#x62F; &#x646;&#x638;&#x631; /</subfield>
    <subfield code="c">&#x645;&#x62D;&#x645;&#x651;&#x62F; &#x627;&#x642;&#x628;&#x627;&#x644; &#x61B; &#x645;&#x631;&#x62A;&#x62C;&#x645; &#x645;&#x62D;&#x645;&#x651;&#x62F; &#x634;&#x627;&#x645;&#x6CC; &#x627;&#x644;&#x62D;&#x642; </subfield>
  </datafield>
  <datafield tag="246" ind1=" " ind2=" ">
    <subfield code="a">Tafkeer-e-dini par tajdeed-e-nazar /</subfield>
    <subfield code="b">by Mohammad Iqbal ; translated by Sami-Ul-Haq </subfield>
  </datafield>
  <datafield tag="260" ind1=" " ind2=" ">
    <subfield code="a">&#x62F;&#x6C1;&#x644;&#x6CC; </subfield>
    <subfield code="b">&#x627;&#x6CC;&#x62C;&#x648;&#x6A9;&#x6CC;&#x634;&#x646;&#x644; &#x67E;&#x628;&#x644;&#x634;&#x646;&#x6AF; &#x6C1;&#x627;&#x624;&#x633;</subfield>
    <subfield code="c">1994</subfield>
  </datafield>
  <datafield tag="270" ind1=" " ind2=" ">
    <subfield code="b">&#x62F;&#x6C1;&#x644;&#x6CC; </subfield>
    <subfield code="a">&#x663;&#x661;&#x660;&#x668;&#x60C; &#x6AF;&#x644;&#x6CC; &#x639;&#x632;&#x6CC;&#x632;&#x62F;&#x62F;&#x6CC;&#x6BA; &#x648;&#x6A9;&#x6CC;&#x644; &#x6A9;&#x648;&#x686;&#x6C1; &#x67E;&#x646;&#x688;&#x62A; &#x644;&#x627;&#x644; &#x6A9;&#x648;&#x627;&#x646;</subfield>
    <subfield code="e">110006</subfield>
  </datafield>
  <datafield tag="300" ind1=" " ind2=" ">
    <subfield code="a">207p.</subfield>
    <subfield code="c">21cm(Hb)</subfield>
  </datafield>
  <datafield tag="650" ind1=" " ind2=" ">
    <subfield code="a">&#x645;&#x630;&#x6C1;&#x628; -- &#x627;&#x633;&#x644;&#x627;&#x645; </subfield>
    <subfield code="9">129451</subfield>
  </datafield>
  <datafield tag="650" ind1=" " ind2=" ">
    <subfield code="a"> &#x62A;&#x646;&#x642;&#x6CC;&#x62F;&#x6CC; &#x62A;&#x62C;&#x632;&#x6CC;&#x6C1;</subfield>
    <subfield code="9">646</subfield>
  </datafield>
  <datafield tag="650" ind1=" " ind2=" ">
    <subfield code="a">Religion -- Islam</subfield>
    <subfield code="9">92070</subfield>
  </datafield>
  <datafield tag="650" ind1=" " ind2=" ">
    <subfield code="a">Critical analysis</subfield>
    <subfield code="9">9038</subfield>
  </datafield>
  <datafield tag="700" ind1=" " ind2=" ">
    <subfield code="a">&#x645;&#x62D;&#x645;&#x651;&#x62F; &#x633;&#x645;&#x639; &#x627;&#x644;&#x62D;&#x642; </subfield>
    <subfield code="9">129452</subfield>
  </datafield>
  <datafield tag="942" ind1=" " ind2=" ">
    <subfield code="2">ddc</subfield>
    <subfield code="c">UR</subfield>
    <subfield code="h">270</subfield>
    <subfield code="m">&#x645; &#x62D; &#x645; </subfield>
  </datafield>
  <datafield tag="999" ind1=" " ind2=" ">
    <subfield code="c">108658</subfield>
    <subfield code="d">108658</subfield>
  </datafield>
  <datafield tag="952" ind1=" " ind2=" ">
    <subfield code="0">0</subfield>
    <subfield code="1">0</subfield>
    <subfield code="4">0</subfield>
    <subfield code="7">0</subfield>
    <subfield code="a">L</subfield>
    <subfield code="b">L</subfield>
    <subfield code="d">2016-02-01</subfield>
    <subfield code="e">Cen Lib/Ret</subfield>
    <subfield code="g">80.00</subfield>
    <subfield code="l">0</subfield>
    <subfield code="o">270 &#x645; &#x62D; &#x645;</subfield>
    <subfield code="p">A-645026</subfield>
    <subfield code="r">2016-02-01 00:00:00</subfield>
    <subfield code="t">1</subfield>
    <subfield code="v">80.00</subfield>
    <subfield code="w">2016-02-01</subfield>
    <subfield code="y">UR</subfield>
  </datafield>
</record>
